000 06451namaa22004331i 4500
003 OSt
005 20260421140011.0
008 250827s2025 ua a|||frm||| 000 0 eng d
040 _aEG-GICUC
_bara
_cEG-GICUC
_dEG-GICUC
_erda
041 0 _aara
_bara
_beng
049 _aإيداع
082 0 4 _a331.4
092 _a331.4
_221
097 _aدكتوراه‎
099 _aCai01.18.06.Ph.D.2025.با.د
100 0 _a،باسم محيي الدين محمد عبد السلام
_eإعداد.
245 1 0 _aدور المنظمات غير الهادفة للربح في تفعيل مشاريع تمكين المرأة المعيلة /
_cإعداد باسم محيي الدين محمد عبد السلام؛ إشراف الأستاذ الدكتور فاروق تمام شعيب، الدكتورة رباب صبحي مخلوف.
246 1 5 _aThe role of non-profit organizations in activating breadwinner women empowerment projects /
264 0 _c2025.
300 _a107 ورقة :
_bإيضاحيات ؛
_c30 سم. +
_eCD.
336 _atext
_2rda content
337 _aUnmediated
_2rdamedia
338 _avolume
_2rdacarrier
502 _aأطروحة (دكتوراه)-جامعة القاهرة، 2025.
504 _aببليوجرافيا: صفحات 102-106.
520 _aتهدف الدراسة إلى تحليل دور المنظمات غير الهادفة للربح في تمكين المرأة المعيلة اقتصادياً واجتماعياً ومهنياً، مع التركيز على مشاريع الجمعيات الأهلية في المناطق المهمشة مثل منطقة الأسمرات في القاهرة، وتحديداً جمعية "جنات الخلود" كدراسة حالة.اعتمدت الدراسة على المنهج الوصفي التحليلي، باستخدام استبيان شمل 143 سيدة معيلة مستفيدة من مشاريع الجمعية، مع تحليل البيانات عبر أدوات إحصائية مثل التحليل العاملي ومعاملات الارتباط والانحدار. ومن أهم النتائج في التمكين الاقتصادي ساهمت المشاريع في زيادة دخل الأسرة بنسبة 37.8%، مع تحسن ملحوظ في القدرة على بدء مشاريع خاصة. أما في التمكين الاجتماعي تحسنت مكانة المرأة في الأسرة والمجتمع، حيث فسرت المنظمات 35.7% من التغير في هذا البعد.وبالنسبه للتمكين المهني اكتسبت النساء مهارات تنافسية في سوق العمل، مع تأثير واضح للمنظمات بنسبة 56%. وقد واجهت المنظمات غير الهادفه للربح بعض التحديات منها ضعف الموارد المالية.نقص الوعي المجتمعي بدور المرأة المعيلة.صعوبة الوصول إلى التمويل. وكانت أهم التوصيات للمنظمات تعزيز الشراكات مع القطاع الخاص والحكومي. تطوير برامج تدريبية متخصصة.لصانعي السياسات تبسيط إجراءات التمويل للمشاريع الصغيرة. دعم البنية التحتية للمنظمات غير الربحية. للبحوث المستقبلية توسيع نطاق الدراسات ليشمل مناطق جغرافية متنوعة.الخلاصة:تُظهر النتائج أن المنظمات غير الهادفة للربح تلعب دوراً محورياً في تمكين المرأة المعيلة، لكن نجاحها يتطلب تعزيز التمويل والتوعية المجتمعية. تعد هذه الدراسة مرجعاً لصناع القرار والباحثين في مجال التنمية المستدامة والعدالة الاجتماعية
520 _aThis study aims to analyse the role of non-profit organizations in economically, socially, and professionally empowering breadwinner women, with a focus on community-based projects in marginalized areas such as Al-Asmarat in Cairo, using "Gannat El-Khulood Association" as a case study.Methodology: The study adopted a descriptive-analytical approach, utilizing a questionnaire distributed to 143 beneficiary breadwinner women. Data was analysed using statistical tools, including factor analysis, correlation, and regression.Key Findings: Economic Empowerment: Projects contributed to a 37.8% increase in household income and improved women’s ability to start their own businesses. Social Empowerment: Women’s status within their families and communities improved, with non-profits accounting for 35.7% of this change. Professional Empowerment: Women acquired competitive skills in the job market, with non-profits influencing 56% of this development. Challenges: Limited financial resources for non-profits, Lack of societal awareness of breadwinner women’s roles, Difficulties in accessing funding.For Non-Profits: Strengthen partnerships with the private and public sectors. Develop specialized training programs.For Policymakers: Simplify financing procedures for small projects. Support infrastructure for non-profit organizations. For Future Research: Expand studies to include diverse geographical areas.Conclusion: The results demonstrate that non-profit organizations play a pivotal role in empowering breadwinner women. However, their success requires enhanced funding and societal awareness. This study serves as a reference for policymakers and researchers in sustainable development and social justice.
530 _aصدر أيضًا كقرص مدمج.
546 _aالنص بالعربية والملخص باللغة الإنجليزية والعربية.
650 7 _aالمرأة العاملة
_2qrmak
650 7 _aالامهات
_2qrmak
_xتشغيل
653 0 _aالمرأة المعيلة
_aالتمكين الاقتصادي
_aالتمكين الاجتماعي
700 0 _aفاروق تمام شعيب
_eمشرف أطروحة.
700 0 _aرباب صبحي مخلوف
_eمشرف أطروحة.
900 _b01-01-2025
_cفاروق تمام شعيب
_cرباب صبحي مخلوف
_Uجامعة القاهرة
_Fكلية الدراسات العليا للبحوث الاحصائيه
_Dقسم إداره المشروعات
905 _aSara
_eAfaf
942 _2ddc
_cTH
_e21
_n0
999 _c179246